Method for identification of rubbers (Record no. 73084)

MARC details
000 -LEADER
fixed length control field 00351nam a2200133Ia 4500
245 #0 - TITLE STATEMENT
Title Method for identification of rubbers
260 ## - PUBLICATION, DISTRIBUTION, ETC. (IMPRINT)
Place of publication London
260 ## - PUBLICATION, DISTRIBUTION, ETC. (IMPRINT)
Year of publication 1967
Name of publisher BSI
490 ## - SERIES STATEMENT
Series statement British standards
500 ## - GENERAL NOTE
General note Standard number: BS 4181
650 ## - SUBJECT ADDED ENTRY--TOPICAL TERM
Topical Term Rubber, identification methods
942 ## - ADDED ENTRY ELEMENTS (KOHA)
Koha item type Standards
Holdings
Withdrawn status Lost status Damaged status Not for loan Home library Current library Date acquired Koha item type
      Standards RRII Library RRII Library 31/12/2021 Standards